|
|
|
|
| LEADER |
00000cam a2200000 a 4500 |
| 001 |
vtls008936203 |
| 003 |
SK-MaSNL |
| 005 |
20260301080751.0 |
| 008 |
171030s2006 xo a b 000 f slo |
| 015 |
|
|
|a SNBA2008/09-04360
|
| 020 |
|
|
|a 8089144691 (viaz.)
|
| 035 |
|
|
|a 5479AA87-0C4F-42BC-9997-F24DC2E8B279
|
| 035 |
|
|
|a urn:nbn:sk:snk-amlsot
|
| 035 |
|
|
|a urn:nbn:sk:snk-am00ca43
|
| 040 |
|
|
|a SNK
|b slo
|c SNK
|e AACR 2
|
| 041 |
1 |
|
|a slo
|h ita
|
| 044 |
|
|
|a xo
|c SK
|
| 072 |
|
7 |
|a 821-93
|x Literatúra pre deti a mládež
|2 konspekt
|
| 080 |
|
|
|a (0:82-34)
|2 2001
|
| 080 |
|
|
|a 821-93
|2 2001
|
| 245 |
0 |
0 |
|a Kocúr v čižmách a iné rozprávky
|c [preložila: Ľubica Fedorová ; ilustroval: Tony Wolf]
|
| 250 |
|
|
|a [1. vyd.]
|
| 260 |
|
|
|a Bratislava
|b Fortuna Print
|c c2006
|
| 300 |
|
|
|a 55 s.
|b fareb. ilustr.
|c 30 cm
|
| 500 |
|
|
|a Pravdepodobne prel. z tal.
|
| 655 |
|
7 |
|a rozprávky
|2 SNKPH
|9 70597
|
| 655 |
|
7 |
|a publikácie pre deti
|2 SNKPH
|9 70148
|
| 700 |
1 |
|
|a Fedorová, Ľubica
|4 trl
|9 402963
|
| 700 |
1 |
|
|a Wolf, Tony,
|d 1930-2018
|4 ill
|9 180068
|
| 919 |
|
|
|a 80-89144-69-1
|
| 958 |
|
|
|a UP
|
| 958 |
|
|
|a LX
|
| 958 |
|
|
|a DB
|
| 968 |
|
|
|b IT
|d 821
|
| 999 |
|
|
|c 654052
|d 655982
|
| 952 |
|
|
|a SNK
|b SNK
|y PREZ
|7 0
|p 17A0593737
|o snkSB 76589
|i snk2008/16571
|8 0
|0 0
|1 0
|4 0
|d 2008-09-05
|f 1
|l 0
|r 2025-04-29 00:00:00
|w 2026-02-23
|